00508nam a22001697a 450000500170000001000150001702000260003203500140005803700090007208200110008110000180009224500740011025000060018426000530019027000750024330000200031820241203160110.0 aENG-142792 a9789364441889c599.00 aEN-126324 bDBAD a91321 a P. Ravikumar aGeography of India: bFrom Himalayas to Coastlines/cby P. Ravikumar a1 aChennaibMcGraw Hill Education Private Ltdc2024 aAnjana Complex No. 5/90 A, Butt Road, St Thomas MountbChennaie600016 a586p.c24cm(pb)